000 00712nam a22002057a 4500
005 20251108173247.0
008 250721s2006 xx 000 0 ara d
020 _a9953363013
082 1 4 _a320.9561/ فخر
100 1 _aأبو فخر، صقر
245 1 0 _aسورية و حطام المراكب المبعثرة /
246 1 3 _aحوار مع نبيل الشويري عفلق و البعث و المؤامرات و العسكر
264 1 _aعمان :
_bدار الفارس للنشر والتوزيع،
_c2006.
300 _a505ص.
650 1 7 _aالظروف السياسية
650 1 7 _aتاريخ سوريا
650 1 7 _aالأنظمة السياسية
942 _2ddc
_cBK
999 _c99756
_d99756